000 00578nam a2200181 a 4500
001 000040839
005 20201002034422.0
008 130909s1995 xxu 001 0 spa d
020 _a0933241097
040 _aDO-SdBNP
_beng
_cBNPHU
082 _axxxx
_bxxxx
100 1 _aGuillory, William A.
_967258
245 1 0 _aEmpowerment :
_bFor High-Performing Organizations /
_cWilliam A. Guillory, Linda A. Galindo.
260 _aUtah, Estados Unidos :
_bInnovations international,
_c1995.
300 _ax, 239 p.
504 _aBibliografia p: 233
700 1 _aGalindo, Linda A.
_967259
999 _c40329
_d40329